[Event "ESP-chT CECLUB Div2"]
[Site "Linares"]
[Date "2023.08.15"]
[Round "4.26"]
[White "Sanchez Aller, Fernando"]
[Black "Diaz Camallonga, Carles"]
[Result "1-0"]
[WhiteElo "2197"]
[BlackElo "2484"]
[PlyCount "113"]
[EventDate "2023.08.13"]
[EventType "team-swiss"]
[EventRounds "7"]
[EventCountry "ESP"]
[SourceTitle "EXT 2024"]
[Source "ChessBase"]
[SourceDate "2023.10.10"]
[SourceVersion "1"]
[SourceVersionDate "2023.10.10"]
[SourceQuality "1"]
[WhiteTeam "Rianxo CC"]
[BlackTeam "Colon Sabadell Chessy"]
[WhiteTeamCountry "ESP"]
[BlackTeamCountry "ESP"]

1. e4 e6 2. d4 d5 3. Nc3 Bb4 4. e5 Qd7 5. Bd2 b6 6. Qg4 Bf8 7. a4 Ba6 8. Nb5 Ne7 9. Bb4 Nf5 10. Bxf8 Kxf8 11. Qf4 c5 12. dxc5 bxc5 13. Nf3 Nc6 14. Bd3 Bxb5 15. axb5 Nce7 16. Qa4 Nc8 17. 0-0 Nfe7 18. b3 h6 19. Qf4 Nb6 20. c3 Rd8 21. Rfd1 Qc7 22. Bc2 f5 23. Ra6 g5 24. Qg3 Nec8 25. b4 cxb4 26. Nd4 Re8 27. Nc6 Nc4 28. Rda1 Rh7 29. Bd3 b3 30. Bxc4 dxc4 31. Qe3 Qd7 32. Qc5+ Kg8 33. Qxc4 b2 34. Rf1 Nb6 35. Qb3 Qd5 36. Qxb2 Rd7 37. Qb4 Qd3 38. Rxa7 Rxa7 39. Nxa7 Nd5 40. Qd6 Qxc3 41. b6 Qb3 42. Qc6 Kf8 43. b7 Ne7 44. Qb5 Qxb5 45. Nxb5 Nc6 46. Rc1 Rd8 47. Nd6 Nb8 48. Rc7 Na6 49. Rf7+ Kg8 50. Re7 Nc5 51. Rc7 Na6 52. Rc6 Nb8 53. Rc8 Rf8 54. Ne8 Na6 55. Nf6+ Kf7 56. Nd7 Re8 57. Rxe8 1-0

[Event "ESP-chT CECLUB Div2"]
[Site "Linares"]
[Date "2023.08.14"]
[Round "2.11"]
[White "Sanchez Aller, Fernando"]
[Black "Matamoros Franco, Carlos S"]
[Result "0-1"]
[WhiteElo "2197"]
[BlackElo "2441"]
[PlyCount "122"]
[EventDate "2023.08.13"]
[EventType "team-swiss"]
[EventRounds "7"]
[EventCountry "ESP"]
[SourceTitle "EXT 2024"]
[Source "ChessBase"]
[SourceDate "2023.10.10"]
[SourceVersion "1"]
[SourceVersionDate "2023.10.10"]
[SourceQuality "1"]
[WhiteTeam "Rianxo CC"]
[BlackTeam "Prodomasa Coin"]
[WhiteTeamCountry "ESP"]
[BlackTeamCountry "ESP"]

1. e4 c6 2. d4 d5 3. e5 c5 4. dxc5 e6 5. a3 Bxc5 6. Nf3 a6 7. c4 Ne7 8. Nc3 Nbc6 9. Bf4 0-0 10. Qc2 Ng6 11. Bg3 Nd4 12. Nxd4 Bxd4 13. Bd3 dxc4 14. Bxg6 fxg6 15. 0-0 b5 16. Rad1 Bb7 17. Qd2 Bxc3 18. Qxc3 Bd5 19. f3 g5 20. Qe3 h6 21. Be1 a5 22. Bc3 Qd7 23. Bd4 Rfc8 24. Bc5 Qc7 25. Bd6 Qa7 26. Rd4 Qb7 27. Qd2 Qc6 28. Rc1 Ra7 29. h4 gxh4 30. Rxh4 Qe8 31. Rg4 Qh5 32. Qf2 Rb7 33. Qe1 Ra8 34. Rd1 Rf7 35. Rdd4 Raa7 36. Qd2 b4 37. Rxc4 Bxc4 38. Rxc4 Qg6 39. axb4 axb4 40. Qxb4 Rab7 41. Qa4 Rxb2 42. Rg4 Rb1+ 43. Kh2 Qh5+ 44. Kg3 Qf5 45. Qe4 Rb2 46. Ba3 Rb5 47. Bd6 Rb2 48. Ba3 Rb5 49. Bd6 Rd5 50. Rg6 Qxe4 51. fxe4 Rd3+ 52. Kh2 Rf4 53. Rxe6 Rxe4 54. Re8+ Kh7 55. Rf8 h5 56. Rf2 h4 57. Ra2 g5 58. Rf2 Kg6 59. Rf6+ Kh5 60. Bc7 Rd2 61. Rf1 Ree2 0-1

[Event "Sunnyvale 1000 GM Schev 07"]
[Site "Sunnyvale"]
[Date "2023.08.01"]
[Round "9"]
[White "Yu, Jiangwei"]
[Black "Sanchez Aller, Fernando"]
[Result "1-0"]
[WhiteElo "2261"]
[BlackElo "2274"]
[PlyCount "67"]
[EventDate "2023.07.28"]
[EventType "schev"]
[EventRounds "9"]
[EventCountry "USA"]
[SourceTitle "EXT 2024"]
[Source "ChessBase"]
[SourceDate "2023.10.10"]
[SourceVersion "1"]
[SourceVersionDate "2023.10.10"]
[SourceQuality "1"]

1. d4 Nf6 2. c4 g6 3. Nc3 Bg7 4. e4 d6 5. h3 0-0 6. Be3 Na6 7. g4 c6 8. Bg2 e5 9. Nge2 Be6 10. d5 cxd5 11. exd5 Bc8 12. Ng3 Ne8 13. 0-0 f5 14. gxf5 gxf5 15. f4 exf4 16. Rxf4 Be5 17. Rf3 Qh4 18. Nge2 Qxc4 19. Nf4 Ng7 20. Rc1 Nc5 21. Bf1 Qb4 22. Rc2 Bd7 23. Rg2 Kh8 24. Qe1 Bf6 25. a3 Qb3 26. Rfg3 Rae8 27. Rxg7 Bxg7 28. Rxg7 Rxe3 29. Qxe3 Kxg7 30. Qe7+ Rf7 31. Nh5+ Kg6 32. Qxd6+ Kxh5 33. Be2+ Kg5 34. h4+ 1-0

[Event "Sunnyvale 1000 GM Schev 07"]
[Site "Sunnyvale"]
[Date "2023.07.31"]
[Round "6"]
[White "Sanchez Aller, Fernando"]
[Black "Nathan, Nitish"]
[Result "1/2-1/2"]
[WhiteElo "2274"]
[BlackElo "2179"]
[PlyCount "103"]
[EventDate "2023.07.28"]
[EventType "schev"]
[EventRounds "9"]
[EventCountry "USA"]
[SourceTitle "EXT 2024"]
[Source "ChessBase"]
[SourceDate "2023.10.10"]
[SourceVersion "1"]
[SourceVersionDate "2023.10.10"]
[SourceQuality "1"]

1. e4 c5 2. Nf3 Nc6 3. d4 cxd4 4. Nxd4 e5 5. Nb5 d6 6. c4 Be7 7. N1c3 a6 8. Na3 f5 9. exf5 Bxf5 10. Bd3 Be6 11. Nc2 Nf6 12. Ne3 0-0 13. 0-0 Qd7 14. Ned5 Bd8 15. Be3 Kh8 16. Qb1 Bg8 17. Bf5 Be6 18. Bxe6 Qxe6 19. f3 Rc8 20. Rd1 Ne7 21. Qd3 Nf5 22. Bf2 Nxd5 23. Nxd5 Bg5 24. a4 Bh4 25. g3 Bg5 26. b4 Ne7 27. Nb6 Rcd8 28. Qe4 Nf5 29. Ra3 Rf7 30. Rad3 Rdf8 31. c5 dxc5 32. Nd7 Re8 33. Nxc5 Qc8 34. Rd7 Rff8 35. Qxb7 Qxb7 36. Rxb7 Be3 37. Nxa6 e4 38. f4 g5 39. Rdd7 gxf4 40. gxf4 Bxf4 41. Bd4+ Be5 42. Bxe5+ Rxe5 43. Rb5 Ne3 44. Rb8 Ref5 45. Rxf8+ Rxf8 46. h3 Rf1+ 47. Kh2 Rf2+ 48. Kg3 Rf3+ 49. Kh4 Rf4+ 50. Kg3 Rf3+ 51. Kh4 Rf4+ 52. Kg3 1/2-1/2

[Event "Milpitas 1000 GM Schev 07"]
[Site "Milpitas"]
[Date "2023.07.18"]
[Round "9"]
[White "Nathan, Nitish"]
[Black "Sanchez Aller, Fernando"]
[Result "0-1"]
[WhiteElo "2179"]
[BlackElo "2274"]
[PlyCount "166"]
[EventDate "2023.07.14"]
[EventType "schev"]
[EventRounds "9"]
[EventCountry "USA"]
[SourceTitle "EXT 2024"]
[Source "ChessBase"]
[SourceDate "2023.10.10"]
[SourceVersion "1"]
[SourceVersionDate "2023.10.10"]
[SourceQuality "1"]

1. d4 Nf6 2. Bf4 c5 3. d5 d6 4. Nc3 Qa5 5. Bd2 b5 6. Ne4 Qb6 7. Nxf6+ exf6 8. e4 g6 9. c4 b4 10. Qc2 Bg7 11. Bd3 0-0 12. h3 Re8 13. Nf3 f5 14. 0-0 fxe4 15. Bxe4 Nd7 16. Bd3 Nf6 17. Rfe1 Bd7 18. Bf4 a5 19. Rab1 a4 20. a3 Rxe1+ 21. Rxe1 Ne8 22. Rb1 Rb8 23. Qc1 Qa6 24. Qc2 Rb6 25. Be3 Qb7 26. Bc1 Qb8 27. Kf1 Bf8 28. Bf4 Ng7 29. Bh6 Nf5 30. Bxf8 Qxf8 31. axb4 Rxb4 32. Ra1 Qg7 33. Ra2 Nd4 34. Nxd4 Qxd4 35. Qc3 Qxc3 36. bxc3 Rb3 37. Bc2 Rxc3 38. Bxa4 Bf5 39. Bb5 Bd3+ 40. Ke1 Bxc4 41. Bxc4 Rxc4 42. Ra8+ Kg7 43. Rd8 Re4+ 44. Kf1 Rd4 45. Rxd6 Kf8 46. Rd7 Ke8 47. Rc7 Rxd5 48. Ke2 h5 49. Ke3 Re5+ 50. Kd3 Rf5 51. Ke3 h4 52. g4 hxg3 53. fxg3 Kd8 54. Ra7 Re5+ 55. Kd3 Ke8 56. h4 g5 57. hxg5 Rxg5 58. Kc4 Rxg3 59. Kxc5 Rd3 60. Kc4 Rd1 61. Ra2 Rd7 62. Rf2 Ke7 63. Re2+ Kf6 64. Rf2+ Ke5 65. Re2+ Kf4 66. Rf2+ Ke4 67. Re2+ Kf3 68. Re5 Kf4 69. Re1 f5 70. Rf1+ Kg4 71. Rg1+ Kh3 72. Rf1 Rf7 73. Kd3 Kg2 74. Ra1 Re7 75. Ra8 f4 76. Rf8 f3 77. Rf5 f2 78. Rg5+ Kf3 79. Rf5+ Kg3 80. Rf8 Re1 81. Rg8+ Kh4 82. Rh8+ Kg5 83. Rg8+ Kh6 0-1

[Event "Milpitas 1000 GM Schev 07"]
[Site "Milpitas"]
[Date "2023.07.17"]
[Round "6"]
[White "Sanchez Aller, Fernando"]
[Black "Sun, Kevin"]
[Result "1/2-1/2"]
[WhiteElo "2274"]
[BlackElo "1759"]
[PlyCount "88"]
[EventDate "2023.07.14"]
[EventType "schev"]
[EventRounds "9"]
[EventCountry "USA"]
[SourceTitle "EXT 2024"]
[Source "ChessBase"]
[SourceDate "2023.10.10"]
[SourceVersion "1"]
[SourceVersionDate "2023.10.10"]
[SourceQuality "1"]

1. Nf3 c5 2. g3 Nc6 3. Bg2 g6 4. 0-0 Bg7 5. c3 Nf6 6. d3 0-0 7. e4 d6 8. h3 e5 9. a3 a5 10. a4 h6 11. Na3 Be6 12. Nd2 d5 13. Kh2 dxe4 14. dxe4 Qd3 15. Re1 Rad8 16. Qe2 Qxe2 17. Rxe2 Rd3 18. Ndc4 Rfd8 19. Be3 Bf8 20. Rd2 Rxd2 21. Nxd2 Kh7 22. Bf1 h5 23. Re1 Bh6 24. Nf3 Bxe3 25. Rxe3 Kg7 26. Bb5 Bb3 27. Nc4 Bxc4 28. Bxc4 Rd1 29. Kg2 Nd7 30. Bb3 Rb1 31. Ng5 Rxb2 32. Bxf7 Nb6 33. Rd3 Kf6 34. h4 Nxa4 35. Rd7 Nb8 36. Rd6+ Ke7 37. Re6+ Kd7 38. Be8+ Kc7 39. Bxa4 b5 40. Re7+ Kb6 41. Bd1 a4 42. Ne6 Na6 43. Nd8 Nc7 44. Ne6 Na6 1/2-1/2

[Event "Milpitas 1000 GM Schev 07"]
[Site "Milpitas"]
[Date "2023.07.16"]
[Round "4"]
[White "Sanchez Aller, Fernando"]
[Black "Deng, Henry"]
[Result "0-1"]
[WhiteElo "2274"]
[BlackElo "2212"]
[PlyCount "128"]
[EventDate "2023.07.14"]
[EventType "schev"]
[EventRounds "9"]
[EventCountry "USA"]
[SourceTitle "EXT 2024"]
[Source "ChessBase"]
[SourceDate "2023.10.10"]
[SourceVersion "1"]
[SourceVersionDate "2023.10.10"]
[SourceQuality "1"]

1. e4 c5 2. Nf3 e6 3. d4 cxd4 4. Nxd4 Nf6 5. Nc3 Nc6 6. Nxc6 bxc6 7. e5 Nd5 8. Ne4 Qc7 9. f4 Qb6 10. c4 Ne3 11. Qd3 Bb4+ 12. Bd2 Ba6 13. Rc1 0-0 14. Bxb4 Qxb4+ 15. Qc3 c5 16. Qxb4 cxb4 17. Kd2 Nxf1+ 18. Rhxf1 Bb7 19. Ke3 f6 20. g3 Bc6 21. Rcd1 Kf7 22. Rd2 Ke7 23. Rdf2 a5 24. Nd6 Rab8 25. g4 h6 26. Kd4 Ra8 27. c5 Bd5 28. Nc4 Bxc4 29. Kxc4 Rac8 30. h4 Rc6 31. Kd4 Rfc8 32. Rc1 Rf8 33. Rcc2 Rc7 34. g5 Rcc8 35. Rcd2 Rh8 36. exf6+ gxf6 37. g6 h5 38. Rg2 Rhg8 39. f5 Rc6 40. Rge2 Rgc8 41. Rc2 Kf8 42. Red2 Kg7 43. fxe6 dxe6 44. Rg2 R6c7 45. Rg3 Rd8+ 46. Kc4 Rxc5+ 47. Kxc5 Rc8+ 48. Kb5 Rxc2 49. Rb3 e5 50. Kxa5 e4 51. Kxb4 f5 52. Rc3 Rxb2+ 53. Kc4 Rxa2 54. Kd4 Kxg6 55. Ke5 Rf2 56. Rc6+ Kf7 57. Kd4 Rf3 58. Rh6 e3 59. Kd3 f4 60. Ke2 Rf2+ 61. Ke1 Rh2 62. Rxh5 Kg6 63. Rg5+ Kf6 64. Rg4 Kf5 0-1

[Event "Santiago de Compostela Bicapawn GP B4"]
[Site "Santiago de Compostela"]
[Date "2022.10.21"]
[Round "4"]
[White "Salgado Lopez, Ivan"]
[Black "Sanchez Aller, Fernando"]
[Result "1-0"]
[WhiteElo "2591"]
[BlackElo "2225"]
[PlyCount "63"]
[EventDate "2022.10.21"]
[EventType "swiss (blitz)"]
[EventRounds "9"]
[EventCountry "ESP"]
[SourceTitle "CBM 210 Extra"]
[Source "ChessBase"]
[SourceDate "2022.11.30"]
[SourceVersion "1"]
[SourceVersionDate "2022.11.30"]
[SourceQuality "1"]

1. d4 Nf6 2. Nf3 g6 3. Bg5 Bg7 4. c3 0-0 5. Nbd2 d6 6. e3 Nbd7 7. Be2 b6 8. 0-0 Bb7 9. a4 a6 10. Re1 h6 11. Bh4 c5 12. Bf1 Ne4 13. Nxe4 Bxe4 14. Nd2 Bc6 15. Qb3 Nf6 16. f3 Qc7 17. e4 e5 18. dxe5 dxe5 19. Red1 Rad8 20. Bxa6 Rd7 21. Nf1 Nh5 22. Bb5 Bf6 23. Rxd7 Bxd7 24. Bf2 Bxb5 25. axb5 Rd8 26. Rd1 Bg5 27. Ne3 Bxe3 28. Bxe3 Nf4 29. g3 Nh3+ 30. Kg2 Ng5 31. Rxd8+ Qxd8 32. Qd5 1-0

[Event "Santiago de Compostela Bicapawn GP B4"]
[Site "Santiago de Compostela"]
[Date "2022.10.21"]
[Round "3"]
[White "Sanchez Aller, Fernando"]
[Black "Piorun, Kacper"]
[Result "1/2-1/2"]
[WhiteElo "2225"]
[BlackElo "2611"]
[PlyCount "97"]
[EventDate "2022.10.21"]
[EventType "swiss (blitz)"]
[EventRounds "9"]
[EventCountry "ESP"]
[SourceTitle "CBM 210 Extra"]
[Source "ChessBase"]
[SourceDate "2022.11.30"]
[SourceVersion "1"]
[SourceVersionDate "2022.11.30"]
[SourceQuality "1"]

1. e4 g6 2. d4 Bg7 3. Nc3 c6 4. Be3 d5 5. e5 f6 6. f4 Nh6 7. Nf3 b5 8. Qd2 a5 9. h3 Na6 10. g4 Nf7 11. a4 b4 12. Nd1 Qb6 13. Nf2 Nc7 14. Nd3 Ba6 15. Nc5 Bxf1 16. Rxf1 e6 17. exf6 Bxf6 18. Ne5 Nxe5 19. fxe5 Bh4+ 20. Bf2 Be7 21. 0-0-0 0-0-0 22. Nd3 h5 23. Be3 hxg4 24. hxg4 Rdf8 25. b3 Na6 26. Qe2 g5 27. Rxf8+ Rxf8 28. Rf1 Qd8 29. Rf2 Kb7 30. Qf1 Rxf2 31. Qxf2 Qg8 32. Kd2 Qh7 33. Ne1 Nc7 34. Nf3 Qh3 35. Bxg5 Bxg5+ 36. Nxg5 Qxg4 37. Nf3 Qf4+ 38. Qe3 Qf5 39. Qd3 Qf4+ 40. Qe3 Qg4 41. Ke2 Qg6 42. Kd2 Ne8 43. Qg5 Qf7 44. Ke3 Kb6 45. Qd8+ Nc7 46. Qb8+ Ka6 47. Qc8+ Kb6 48. Qb8+ Ka6 49. Qc8+ 1/2-1/2

[Event "Santiago de Compostela Bicapawn GP B3"]
[Site "Santiago de Compostela"]
[Date "2022.10.20"]
[Round "7"]
[White "Dvirnyy, Danyyil"]
[Black "Sanchez Aller, Fernando"]
[Result "1-0"]
[WhiteElo "2514"]
[BlackElo "2225"]
[PlyCount "67"]
[EventDate "2022.10.20"]
[EventType "swiss (blitz)"]
[EventRounds "9"]
[EventCountry "ESP"]
[SourceTitle "CBM 210 Extra"]
[Source "ChessBase"]
[SourceDate "2022.11.30"]
[SourceVersion "1"]
[SourceVersionDate "2022.11.30"]
[SourceQuality "1"]

1. d4 Nf6 2. c4 g6 3. Nc3 Bg7 4. Nf3 d6 5. g3 0-0 6. Bg2 Nc6 7. 0-0 Bg4 8. Bg5 Nd7 9. Qd2 Rb8 10. d5 Na5 11. b3 c5 12. dxc6 bxc6 13. Rac1 Re8 14. Rfd1 Qc7 15. Nd4 a6 16. h3 c5 17. Nd5 Qd8 18. hxg4 Bxd4 19. e3 Bf6 20. Nxf6+ exf6 21. Bf4 Ne5 22. Qxd6 Qxd6 23. Rxd6 Re6 24. Rcd1 Rbe8 25. Bxe5 fxe5 26. Rxe6 Rxe6 27. Rd8+ Kg7 28. Rc8 e4 29. Rxc5 Nb7 30. Rc7 Nd6 31. Rc6 a5 32. g5 Nf5 33. Rxe6 fxe6 34. Bxe4 1-0

[Event "Sada Coruna op"]
[Site "Sada"]
[Date "2022.09.10"]
[Round "8"]
[White "Sanchez Aller, Fernando"]
[Black "Lopez Grana, Carmen"]
[Result "1-0"]
[WhiteElo "2232"]
[BlackElo "1761"]
[PlyCount "49"]
[EventDate "2022.09.04"]
[EventType "swiss"]
[EventRounds "9"]
[EventCountry "ESP"]
[SourceTitle "CBM 210 Extra"]
[Source "ChessBase"]
[SourceDate "2022.11.30"]
[SourceVersion "1"]
[SourceVersionDate "2022.11.30"]
[SourceQuality "1"]

1. Nf3 Nf6 2. g3 d5 3. Bg2 Bf5 4. 0-0 Nc6 5. c4 e6 6. b3 Be7 7. Bb2 Qd7 8. d3 h5 9. Nbd2 Rg8 10. a3 Ng4 11. h3 Nh6 12. e4 dxe4 13. dxe4 Bh7 14. b4 Bf6 15. e5 Bd8 16. b5 Ne7 17. Nd4 c6 18. Qa4 c5 19. N2b3 Bb6 20. Rfd1 Rd8 21. Nxc5 Bxc5 22. Nc6 Qxd1+ 23. Rxd1 Rxd1+ 24. Qxd1 bxc6 25. Bxc6+ 1-0

[Event "Sada Coruna op"]
[Site "Sada"]
[Date "2022.09.06"]
[Round "4"]
[White "Sanchez Aller, Fernando"]
[Black "Cernadas Camean, David"]
[Result "1-0"]
[WhiteElo "2232"]
[BlackElo "1893"]
[PlyCount "67"]
[EventDate "2022.09.04"]
[EventType "swiss"]
[EventRounds "9"]
[EventCountry "ESP"]
[SourceTitle "CBM 210 Extra"]
[Source "ChessBase"]
[SourceDate "2022.11.30"]
[SourceVersion "1"]
[SourceVersionDate "2022.11.30"]
[SourceQuality "1"]

1. e4 e5 2. Nf3 Nf6 3. Nxe5 d6 4. Nf3 Nxe4 5. Nc3 Nxc3 6. dxc3 Be7 7. Bf4 Bf5 8. Qd2 0-0 9. 0-0-0 Nc6 10. Rg1 Qd7 11. h3 Rfe8 12. g4 Be4 13. Ne1 Qe6 14. Kb1 Ne5 15. Qe3 Bc6 16. Qe2 Ng6 17. Be3 Bh4 18. Qd2 Ne5 19. g5 f6 20. gxf6 Bxf6 21. Bd4 Kh8 22. Be2 Rf8 23. b3 Rae8 24. Bh5 g6 25. Be2 Bg7 26. h4 h5 27. f4 Bh6 28. Rg5 Bxg5 29. hxg5 Kh7 30. fxe5 dxe5 31. Bc5 Rd8 32. Qxd8 Rxd8 33. Rxd8 b6 34. Bc4 1-0

[Event "Sada Coruna op"]
[Site "Sada"]
[Date "2022.09.05"]
[Round "3"]
[White "Martinez Reyes, Pedro Ramon"]
[Black "Sanchez Aller, Fernando"]
[Result "1-0"]
[WhiteElo "2386"]
[BlackElo "2232"]
[PlyCount "139"]
[EventDate "2022.09.04"]
[EventType "swiss"]
[EventRounds "9"]
[EventCountry "ESP"]
[SourceTitle "CBM 210 Extra"]
[Source "ChessBase"]
[SourceDate "2022.11.30"]
[SourceVersion "1"]
[SourceVersionDate "2022.11.30"]
[SourceQuality "1"]

1. Nf3 Nf6 2. g3 g6 3. Bg2 Bg7 4. 0-0 0-0 5. d4 d6 6. Nc3 d5 7. Re1 Bf5 8. Nh4 Be6 9. Nf3 Bf5 10. Bf4 c6 11. Nh4 Be6 12. Qd2 Nbd7 13. a4 Nb6 14. b3 Ne4 15. Bxe4 dxe4 16. Rad1 f5 17. Bh6 Nd5 18. Bxg7 Kxg7 19. Ng2 Qa5 20. Nxe4 Qxd2 21. Nxd2 Nc3 22. Ra1 Rfd8 23. Nf4 Bf7 24. Nf3 h6 25. e3 a5 26. Ne2 Ne4 27. Ne5 g5 28. f3 Nf6 29. Kf2 Rdc8 30. c4 b5 31. Nc3 b4 32. Ne2 g4 33. Nf4 gxf3 34. Kxf3 h5 35. Nfd3 Ne4 36. Nc5 Nxc5 37. dxc5 Be8 38. Rad1 Rd8 39. Rd4 Kf6 40. Kf4 Rxd4+ 41. exd4 e6 42. Ke3 Ra7 43. Rf1 Rg7 44. Rf4 Ke7 45. Rh4 Kd8 46. Nd3 Ke7 47. Ne5 Kd8 48. d5 cxd5 49. cxd5 exd5 50. Kd4 Kc7 51. Kxd5 Re7 52. Rf4 Bf7+ 53. Nxf7 Rxf7 54. Rf3 Rf8 55. Re3 f4 56. Rf3 Rf5+ 57. Kd4 Kc6 58. Rxf4 Rd5+ 59. Ke3 Rxc5 60. Rc4 Rxc4 61. bxc4 Kc5 62. Kd3 b3 63. Kc3 b2 64. Kxb2 Kxc4 65. h3 Kd4 66. g4 h4 67. Kb3 Ke4 68. Kc4 Kf4 69. Kb5 Kg3 70. g5 1-0

[Event "Sanxenxo Carlos op 12th"]
[Site "Sanxenxo"]
[Date "2021.06.26"]
[Round "1"]
[White "Sanchez Aller, Fernando"]
[Black "Prol Lusquinos, Jose Manuel"]
[Result "1-0"]
[WhiteElo "2321"]
[BlackElo "1691"]
[PlyCount "53"]
[EventDate "2021.06.26"]
[EventType "swiss"]
[EventRounds "9"]
[EventCountry "ESP"]
[SourceTitle "CBM 203 Extra"]
[Source "ChessBase"]
[SourceDate "2021.09.30"]
[SourceVersion "1"]
[SourceVersionDate "2021.09.30"]
[SourceQuality "1"]

1. e4 c5 2. Nf3 d6 3. d4 cxd4 4. Nxd4 Nf6 5. Nc3 a6 6. Bc4 e6 7. Bb3 Be7 8. g4 h6 9. Rg1 Nc6 10. Be3 Nxd4 11. Qxd4 b5 12. 0-0-0 Bb7 13. h4 Qc7 14. g5 hxg5 15. hxg5 e5 16. Qd3 Nd7 17. Nd5 Bxd5 18. Qxd5 Rc8 19. Qxf7+ Kd8 20. Qxg7 Rf8 21. Kb1 a5 22. Rd2 Nc5 23. Bd5 Na4 24. Be6 Rb8 25. Rh1 b4 26. Rh8 Nc3+ 27. Ka1 1-0

[Event "POR-chT"]
[Site "Penafiel"]
[Date "2020.08.28"]
[Round "9.3"]
[White "Suarez Garcia, Carlos"]
[Black "Sanchez Aller, Fernando"]
[Result "1-0"]
[WhiteElo "2441"]
[BlackElo "2380"]
[PlyCount "69"]
[EventDate "2020.08.22"]
[EventType "team-tourn"]
[EventRounds "9"]
[EventCountry "POR"]
[SourceTitle "CBM 198 Extra"]
[Source "ChessBase"]
[SourceDate "2020.11.30"]
[SourceVersion "1"]
[SourceVersionDate "2020.11.30"]
[SourceQuality "1"]
[WhiteTeam "Dias Ferreira"]
[BlackTeam "Gaia"]
[WhiteTeamCountry "POR"]
[BlackTeamCountry "POR"]

1. Nf3 Nf6 2. b3 g6 3. Bb2 Bg7 4. g3 0-0 5. Bg2 d6 6. d4 a5 7. a4 e5 8. dxe5 Nfd7 9. Nc3 Nxe5 10. Nxe5 Bxe5 11. Qd2 Na6 12. 0-0-0 Nc5 13. h3 Bg7 14. f4 Bd7 15. g4 Bc6 16. Bd5 Qh4 17. Kb1 Bxd5 18. Qxd5 Rae8 19. Qf3 f5 20. Rhf1 Re6 21. gxf5 gxf5 22. Rg1 Rg6 23. Rxg6 hxg6 24. Rg1 Kh7 25. Qg2 Qf6 26. h4 Rg8 27. h5 gxh5 28. Qh3 Bh6 29. Rxg8 Kxg8 30. Nd5 Qe6 31. Nf6+ Kf8 32. Qxh5 Bg7 33. Nh7+ Kg8 34. Ng5 Qd7 35. Qg6 1-0

[Event "POR-chT"]
[Site "Penafiel"]
[Date "2020.08.26"]
[Round "7.4"]
[White "Moreira, Jose Americo Paiva"]
[Black "Sanchez Aller, Fernando"]
[Result "0-1"]
[WhiteElo "1817"]
[BlackElo "2380"]
[PlyCount "38"]
[EventDate "2020.08.22"]
[EventType "team-tourn"]
[EventRounds "9"]
[EventCountry "POR"]
[SourceTitle "CBM 198 Extra"]
[Source "ChessBase"]
[SourceDate "2020.11.30"]
[SourceVersion "1"]
[SourceVersionDate "2020.11.30"]
[SourceQuality "1"]
[WhiteTeam "Porto A Gx"]
[BlackTeam "Gaia"]
[WhiteTeamCountry "POR"]
[BlackTeamCountry "POR"]

1. Nf3 Nf6 2. d4 g6 3. Bf4 Bg7 4. e3 d6 5. Be2 0-0 6. 0-0 b6 7. Nbd2 Bb7 8. a4 a6 9. c3 Nbd7 10. Rc1 c5 11. Qb3 Ra7 12. Rfe1 Qa8 13. Qd1 Ne4 14. Nxe4 Bxe4 15. Bd3 Bxd3 16. Qxd3 e5 17. dxc5 dxc5 18. Nxe5 Nxe5 19. Qd6 Rd8 0-1

[Event "POR-chT"]
[Site "Penafiel"]
[Date "2020.08.23"]
[Round "2.2"]
[White "Eggert, Alberto"]
[Black "Sanchez Aller, Fernando"]
[Result "1-0"]
[WhiteElo "2102"]
[BlackElo "2380"]
[PlyCount "95"]
[EventDate "2020.08.22"]
[EventType "team-tourn"]
[EventRounds "9"]
[EventCountry "POR"]
[SourceTitle "CBM 198 Extra"]
[Source "ChessBase"]
[SourceDate "2020.11.30"]
[SourceVersion "1"]
[SourceVersionDate "2020.11.30"]
[SourceQuality "1"]
[WhiteTeam "Amadora"]
[BlackTeam "Gaia"]
[WhiteTeamCountry "POR"]
[BlackTeamCountry "POR"]

1. d4 Nf6 2. c4 g6 3. Nc3 Bg7 4. e4 d6 5. Nge2 0-0 6. Ng3 a6 7. h4 c5 8. d5 b5 9. cxb5 axb5 10. Nxb5 Na6 11. Bd2 Bd7 12. Be2 Qb6 13. a4 Nb4 14. Nc3 h5 15. 0-0 Ng4 16. Bg5 Rfc8 17. Qd2 c4 18. Nb5 Qc5 19. Bxg4 hxg4 20. Be3 c3 21. Nxc3 Qc4 22. Nge2 Nd3 23. Rfb1 Nc5 24. Bxc5 Qxc5 25. Ra3 Qb4 26. Rba1 Rc5 27. g3 Rca5 28. Qc2 Rb8 29. R1a2 Qc4 30. Nc1 Bxc3 31. Rxc3 Qa6 32. b3 Qb6 33. Qd2 Ra7 34. Rac2 Qb4 35. Qe3 Rab7 36. Rc4 Qa3 37. R2c3 Kg7 38. Kg2 f6 39. Qd2 Qa1 40. Qc2 Qa3 41. Rc7 Qb4 42. R3c4 Qe1 43. Nd3 Qa5 44. Rc3 Kf7 45. Nf4 Qb4 46. h5 g5 47. e5 f5 48. Rxd7 1-0

[Event "Compostela Masters 2nd"]
[Site "Santiago de Compostela"]
[Date "2020.02.13"]
[Round "3"]
[White "Gonzalez Trigal, Jose Luis"]
[Black "Sanchez Aller, Fernando"]
[Result "1/2-1/2"]
[WhiteElo "2369"]
[BlackElo "2350"]
[PlyCount "115"]
[EventDate "2020.02.11"]
[EventType "tourn"]
[EventRounds "9"]
[EventCountry "ESP"]
[EventCategory "7"]
[SourceTitle "CBM 195 Extra"]
[Source "ChessBase"]
[SourceDate "2020.05.31"]
[SourceVersion "1"]
[SourceVersionDate "2020.05.31"]
[SourceQuality "1"]

1. d4 Nf6 2. Nf3 g6 3. g3 Bg7 4. Bg2 0-0 5. 0-0 d6 6. b3 e5 7. dxe5 dxe5 8. Ba3 Qxd1 9. Rxd1 Re8 10. Nc3 e4 11. Nd2 e3 12. fxe3 Ng4 13. Nd5 Na6 14. Ne7+ Rxe7 15. Bxe7 Bxa1 16. Rxa1 Nxe3 17. Be4 c6 18. Bg5 Nf5 19. c3 Nc5 20. Bf3 Kg7 21. e4 Ne6 22. Bf4 Nxf4 23. gxf4 Nh4 24. Kf2 Nxf3 25. Nxf3 Be6 26. Rd1 h6 27. Rd6 Kf6 28. Ke3 Ke7 29. Rd4 a5 30. Ne5 c5 31. Rd2 Ra6 32. Rf2 b5 33. f5 gxf5 34. exf5 Bc8 35. c4 bxc4 36. Nxc4 a4 37. Ke4 Bb7+ 38. Ke5 f6+ 39. Kf4 axb3 40. axb3 Bd5 41. Re2+ Kd7 42. Re3 Bxc4 43. bxc4 Ra4 44. Re4 h5 45. h3 Ra3 46. Re6 Rxh3 47. Ke4 Rh4+ 48. Kd5 Rf4 49. Rxf6 Ke7 50. Re6+ Kf7 51. Ke5 Rxc4 52. Rc6 Rc1 53. Rc7+ Kg8 54. Ke6 Re1+ 55. Kf6 Rc1 56. Kg6 Rg1+ 57. Kxh5 c4 58. Rxc4 1/2-1/2

[Event "Compostela Masters 2nd"]
[Site "Santiago de Compostela"]
[Date "2020.02.13"]
[Round "4"]
[White "Sanchez Aller, Fernando"]
[Black "Grigoryan, Karen H"]
[Result "0-1"]
[WhiteElo "2350"]
[BlackElo "2654"]
[PlyCount "82"]
[EventDate "2020.02.11"]
[EventType "tourn"]
[EventRounds "9"]
[EventCountry "ESP"]
[EventCategory "7"]
[SourceTitle "CBM 195 Extra"]
[Source "ChessBase"]
[SourceDate "2020.05.31"]
[SourceVersion "1"]
[SourceVersionDate "2020.05.31"]
[SourceQuality "1"]

1. e4 c5 2. Nf3 d6 3. d4 cxd4 4. Nxd4 Nf6 5. Nc3 a6 6. Be3 Ng4 7. Bg5 h6 8. Bh4 g5 9. Bg3 Bg7 10. Be2 Ne5 11. Qd2 Nbc6 12. Nf5 Bxf5 13. exf5 Nd4 14. f4 gxf4 15. Bxf4 Nxf5 16. 0-0-0 Nh4 17. Rhf1 Nhg6 18. Be3 Rc8 19. Nd5 Nc4 20. Bxc4 Rxc4 21. Qf2 0-0 22. b3 Re4 23. Qf3 Re6 24. Qh3 Qc8 25. Bxh6 Re2 26. Bd2 Qxh3 27. gxh3 Rxh2 28. Rf3 Kh7 29. Rg1 Be5 30. Ne3 Bf4 31. Kd1 Bxe3 32. Bxe3 f5 33. Rg5 f4 34. Bg1 Rh1 35. Ke2 e5 36. c4 e4 37. Rf1 Rxh3 38. Bd4 e3 39. Kd3 Re8 40. Rfg1 Re6 41. Rf5 Re7 0-1